Rocket league ranks Speedrun - Statistics

General Stats
  • This quiz has been taken 118 times
  • The average score is 19 of 23
Answer Stats
Picture Answer % Correct
Supersonic legend
90%
Bronze I
86%
Gold I
86%
Gold II
86%
Gold III
86%
Silver I
86%
Silver II
86%
Silver III
86%
Bronze II
85%
Bronze III
85%
Diamond I
85%
Diamond II
85%
Diamond III
85%
Unranked
85%
Platinum I
82%
Platinum II
82%
Platinum III
82%
Grand champion I
80%
Grand champion II
80%
Grand champion III
80%
Champion I
79%
Champion II
79%
Champion III
79%
No matching quizzes found
Score Distribution
Percent of People with Each Score
Percentile by Number Answered
Your Score History
You have not taken this quiz